000 00581nam a2200229Ia 4500
003 OSt
005 20221007070834.0
006 a|||||r|||| 00| 0
007 ta
008 221006b |||||||| |||| 00| 0 eng d
024 _a28,694
037 _cTextual
040 _aFLL
_cFLL
_beng
041 _2eng
_aeng
082 _aZQ2:9, K3
100 _aRoy Ajit Gopal
_9687793
245 0 _aHindu law
260 _aIndore
_bCity Wadhwa & Co. Indore City
_c1963
300 _a460p
_ccm.
942 _hZQ2:9, K3
_cTEXL
_2CC
999 _c1141680
_d1141680